• 首页
  • 本馆介绍
  • 公告通知
  • 最新文献
  • 馆藏检索
  • 电子资源
  • 读者导购
  • 参考咨询
  • 我的图书馆
  • 登录
  • 详细信息显示
  • 放入我的书架
  • 预约/预借图书
  • 作者相关作品
  • 分类相关作品
  • 丛书相关作品
  • 出版社相关作品

书目信息

  • 表格格式
  • 工作单格式
  • 卡片格式
题名:
陆小曼自述自画
    
 
作者: 陆小曼 著
分册:  
出版信息: 北京   中国青年出版社  2013.08
页数: 182页
开本: 21cm
丛书名: 民国才女书
单 册:
中图分类: I266 , K825.6=72 , J222.7
科图分类:
主题词: 散文集--中国--现代 , 中国画--作品集--中国--现代 , 散文集 , 书信集 , 中国画
电子资源:
ISBN: 978-7-5153-1868-4
000 01079oam2 2200361 450
001 012013433047
005 20140609104045.54
010    @a978-7-5153-1868-4@dCNY29.80
100    @a20131012d2013 em y0chiy0110 ea
101 0  @achi
102    @aCN@b110000
105    @af z 000zy
106    @ar
200 1  @a陆小曼自述自画@9lu xiao man zi shu zi hua@f陆小曼著
210    @a北京@c中国青年出版社@d2013.08
215    @a182页@c照片,图版@d21cm
225 2  @a民国才女书
330    @a本书共分为五章,主要内容包括:你的真,摇我心;五年相聚,梦幻泡影;欲死未能因母老;遗文编就答君心;我的新生。
333    @a文学艺术爱好者
461  0 @12001 @a民国才女书
600  0 @a陆小曼@f(1903-1965)@x书信集
600  0 @a陆小曼@f(1903-1965)
606 0  @a散文集@y中国@z现代
606 0  @a中国画@x作品集@y中国@z现代
606 0  @a散文集
606 0  @a书信集
606 0  @a中国画
690    @aI266@v5
690    @aK825.6=72@v5
690    @aJ222.7@v5
701  0 @a陆小曼@9lu xiao man@f(1903-)@4著
801  0 @aCN@b人天书店@c20131012
905    @b548302-05@dI266@e1507@f4
    
    陆小曼自述自画/陆小曼著.-北京:中国青年出版社,2013.08
    182页:照片,图版;21cm.-(民国才女书)
    使用对象:文学艺术爱好者
    
    ISBN 978-7-5153-1868-4:CNY29.80
    本书共分为五章,主要内容包括:你的真,摇我心;五年相聚,梦幻泡影;欲死未能因母老;遗文编就答君心;我的新生。
●
相关链接 在E读中查询图书 在五车中查询图书 在当当中查询图书 在豆瓣中查询图书


正题名:陆小曼自述自画     索取号:I266/1507         预约/预借

序号 登录号 条形码 馆藏地/架位号 状态 备注
1 548302   205483029   第一样本阅览室/ [索取号:I266/1507] 在馆    
2 548303   205483038   第二借阅区/ [索取号:I266/1507] 在馆    
3 548304   205483047   第二借阅区/ [索取号:I266/1507] 在馆    
4 548305   205483056   第二借阅区/ [索取号:I266/1507] 在馆    
唐山师范学院图书馆 欢迎您!
大连网信软件有限公司© 版权所有